| 000 | 00865nam a2200181Ia 4500 | ||
|---|---|---|---|
| 008 | 100921s9999 xx 000 0 und d | ||
| 082 |
_b24358 _a070 थ 91 |
||
| 100 | _aपाध्ये प्रभाकर,अनु,परांजपे प्र.ना.परांजपे वसुधा. | ||
| 245 | _aपत्रकारितेची मूलतत्वे. | ||
| 260 |
_bमेहता प्रकाशन, पुणे. _c1991 |
||
| 300 |
_a98 _bमॅजेस्टीक प्रकाशन,पुणे. |
||
| 365 | _b40 | ||
| 520 | _aसंकीर्ण-पत्रकारिता. | ||
| 630 | _aपत्रकारितेची मूलतत्वे. | ||
| 650 | _aसंकीर्ण-पत्रकारिता. | ||
| 730 | _aपत्रकारितेची मूलतत्वे. | ||
| 942 | _cBOOK | ||
| 999 |
_c773471 _d773468 |
||